Rechtswirtschaftliche Bedingungen für ausländische unternehmen in der ČSFR Wirtschaftsgesetze

Salvato in:
Dettagli Bibliografici
Autore principale: Bělohlávek, Alexander J.
Natura: Libro
Lingua:inglese
Pubblicazione: Praha BaBtext 1990
Edizione:1. vyd.
Soggetti:
Tags: Aggiungi Tag
Nessun Tag, puoi essere il primo ad aggiungerne!!

MARC

LEADER 00000nam a2200000 4500
001 c000925
005 20221215114400.7
020 |a 80-900178-0-0 
041 0 |a eng 
044 |a CZ 
245 1 0 |a Rechtswirtschaftliche Bedingungen für ausländische unternehmen in der ČSFR  |b Wirtschaftsgesetze  |c Alexander Bělohlávek 
250 |a 1. vyd. 
264 1 |a Praha  |b BaBtext  |c 1990 
300 |a 156 s. 
610 2 0 |a právo občianske 
610 2 0 |a právo pracovné 
610 2 0 |a právo hospodárske 
610 2 0 |a právo obchodné 
610 2 0 |a ČSFR 
610 2 0 |a vzťahy hospodárske medzinárodné 
610 2 0 |a zákonník hospodársky 
610 2 0 |a spoločnosti akciové 
610 2 0 |a devízy 
610 2 0 |a dane 
610 2 0 |a clá 
610 2 0 |a podnikanie v zahraničí 
610 2 0 |a podnikatelia 
610 2 0 |a podnik spoločný 
100 1 |a Bělohlávek, Alexander J.